Informática 2 : (Registro nro. 10106)

Detalles MARC
000 -LEADER
fixed length control field 01010nam a22002537a 4500
001 - CONTROL NUMBER
control field 002357
003 - CONTROL NUMBER IDENTIFIER
control field DO-SdBNP
005 - DATE AND TIME OF LATEST TRANSACTION
control field 20160511153928.0
007 - PHYSICAL DESCRIPTION FIXED FIELD--GENERAL INFORMATION
fixed length control field 002357
008 - FIXED-LENGTH DATA ELEMENTS--GENERAL INFORMATION
fixed length control field 160511b 2014 dr ||||| |||| 00| 0 spa d
020 ## - INTERNATIONAL STANDARD BOOK NUMBER
International Standard Book Number 9789945118667
040 ## - CATALOGING SOURCE
Original cataloging agency BPMSU
Language of cataloging spa
Transcribing agency BPMSU
245 ## - TITLE STATEMENT
Title Informática 2 :
Remainder of title educación primaria /
Medium derección editorial Claudia Llibre ; ilustración Ruddy Núñez...[et.a.]
260 ## - PUBLICATION, DISTRIBUTION, ETC. (IMPRINT)
Place of publication, distribution, etc. Santo Domingo :
Name of publisher, distributor, etc. Santillana,
Date of publication, distribution, etc. 2014
300 ## - PHYSICAL DESCRIPTION
Extent 61p. :
Other physical details il. ;
Dimensions 29 cm.
490 ## - SERIES STATEMENT
Series statement Todos juntos
500 ## - GENERAL NOTE
General note Este libro ha sido realizado de conformidad con el curriculum vigente y ha sido sometido a la aprobación del MINERD [Ministerio de Educación República Dominicana]
505 ## - FORMATTED CONTENTS NOTE
Title La computadora --
-- El teclado --
-- El mause y el monitor --
-- Usos de la computadora --
-- Trabajar con la computadora --
700 ## - ADDED ENTRY--PERSONAL NAME
Personal name Llibre,Claudia
700 ## - ADDED ENTRY--PERSONAL NAME
Personal name Núñez, Ruddy
Relator term il.
830 ## - SERIES ADDED ENTRY--UNIFORM TITLE
Uniform title Todos juntos
942 ## - ADDED ENTRY ELEMENTS (KOHA)
Source of classification or shelving scheme Dewey Decimal Classification
Koha item type Libros
956 ## - LOCAL ELECTRONIC LOCATION AND ACCESS (OCLC)
Access method VMATEO
Materials specified 10
Linkage 20160511
Field link and sequence number BPMSU
Host name 0069
Existencias
Withdrawn status Lost status Source of classification or shelving scheme Damaged status Not for loan Collection code Home library Current library Date acquired Source of acquisition Total Checkouts Barcode Date last seen Price effective from Koha item type
    Dewey Decimal Classification       Biblioteca Pública Metropolitana Salomé Ureña Biblioteca Pública Metropolitana Salomé Ureña 05/11/2016 Donación   BPMET16050272 05/11/2016 05/11/2016 Libros